|
|
|
|
| LEADER |
01743nam a2200409 i 4500 |
| 001 |
EBC4444721 |
| 003 |
MiAaPQ |
| 005 |
20200520144314.0 |
| 006 |
m o d | |
| 007 |
cr cnu|||||||| |
| 008 |
161206t20152015njuad o 000 0 eng d |
| 020 |
|
|
|z 9781119209737
|
| 020 |
|
|
|a 9781118818923 (e-book)
|
| 035 |
|
|
|a (MiAaPQ)EBC4444721
|
| 035 |
|
|
|a (Au-PeEL)EBL4444721
|
| 035 |
|
|
|a (CaPaEBR)ebr11307106
|
| 035 |
|
|
|a (OCoLC)918985294
|
| 040 |
|
|
|a MiAaPQ
|b eng
|e rda
|e pn
|c MiAaPQ
|d MiAaPQ
|
| 050 |
|
4 |
|a HG4529
|b .K374 2015
|
| 082 |
0 |
|
|a 332.63/2042
|2 23
|
| 100 |
1 |
|
|a Kase, Cynthia A.,
|e author.
|
| 245 |
1 |
0 |
|a Kase on technical analysis workbook :
|b trading and forecasting /
|c Cynthia A. Kase.
|
| 264 |
|
1 |
|a Hoboken, New Jersey :
|b Wiley :
|b Bloomberg Press,
|c 2015.
|
| 264 |
|
4 |
|c 2015
|
| 300 |
|
|
|a 1 online resource (150 pages) :
|b illustrations, charts.
|
| 336 |
|
|
|a text
|2 rdacontent
|
| 337 |
|
|
|a computer
|2 rdamedia
|
| 338 |
|
|
|a online resource
|2 rdacarrier
|
| 490 |
1 |
|
|a Bloomberg Financial Series
|
| 588 |
|
|
|a Description based on print version record.
|
| 590 |
|
|
|a Electronic reproduction. Ann Arbor, MI : ProQuest, 2016. Available via World Wide Web. Access may be limited to ProQuest affiliated libraries.
|
| 650 |
|
0 |
|a Technical analysis (Investment analysis)
|
| 655 |
|
4 |
|a Electronic books.
|
| 776 |
0 |
8 |
|i Print version:
|a Kase, Cynthia A.
|t Kase on technical analysis workbook : trading and forecasting.
|d Hoboken, New Jersey : Wiley ; Bloomberg Press, c2015
|h approximately 151 pages
|k Bloomberg financial series.
|z 9781119209737
|w 2014040829
|
| 797 |
2 |
|
|a ProQuest (Firm)
|
| 830 |
|
0 |
|a Bloomberg financial series.
|
| 856 |
4 |
0 |
|u https://ebookcentral.proquest.com/lib/matrademy/detail.action?docID=4444721
|z Click to View
|